<?xml version="1.0" encoding="UTF-8"?><?xml-stylesheet type="text/xsl" href="static/style.xsl"?><OAI-PMH xmlns="http://www.openarchives.org/OAI/2.0/" xmlns:xsi="http://www.w3.org/2001/XMLSchema-instance" xsi:schemaLocation="http://www.openarchives.org/OAI/2.0/ http://www.openarchives.org/OAI/2.0/OAI-PMH.xsd"><responseDate>2026-06-04T06:31:09Z</responseDate><request verb="GetRecord" identifier="oai:recam.amb.cat:20.500.14439/1372" metadataPrefix="marc">https://recam.amb.cat/rest/oai/request</request><GetRecord><record><header><identifier>oai:recam.amb.cat:20.500.14439/1372</identifier><datestamp>2025-05-21T09:56:48Z</datestamp><setSpec>com_20.500.14439_126</setSpec><setSpec>col_20.500.14439_141</setSpec></header><metadata><record xmlns="http://www.loc.gov/MARC21/slim" xmlns:dcterms="http://purl.org/dc/terms/" xmlns:xsi="http://www.w3.org/2001/XMLSchema-instance" xmlns:doc="http://www.lyncode.com/xoai" xsi:schemaLocation="http://www.loc.gov/MARC21/slim http://www.loc.gov/standards/marcxml/schema/MARC21slim.xsd">
   <leader>00925njm 22002777a 4500</leader>
   <datafield ind2=" " ind1=" " tag="042">
      <subfield code="a">dc</subfield>
   </datafield>
   <datafield ind2=" " ind1=" " tag="720">
      <subfield code="a">Àrea Metropolitana de Barcelona</subfield>
      <subfield code="e">author</subfield>
   </datafield>
   <datafield ind2=" " ind1=" " tag="260">
      <subfield code="c">2020-06-01</subfield>
   </datafield>
   <datafield ind2=" " ind1=" " tag="520">
      <subfield code="a">Els parcs tenen un paper molt important en la conservació de la biodiversitat a les ciutats. La combinació d'ambients que hi podem trobar crea diferents hàbitats on hi poden viure una gran diversitat d'ocells. En aquest pòster se'n mostren les 18 espècies més representatives. El pòster es pot decarregar en format PDF o es pot enllaçar a un interactiu web que permet escoltar el cant dels diversos ocells quan es passa per sobre o se selecciona l'ocell. El Pla de millora de la biodiversitat de l'AMB promou la presència d'ocells als parcs: es trien espècies vegetals que els ofereixen refugi i aliment i s'habiliten petits espais aquàtics amb abeuradors.</subfield>
   </datafield>
   <datafield ind1="8" ind2=" " tag="024">
      <subfield code="a">https://hdl.handle.net/20.500.14439/1372</subfield>
   </datafield>
   <datafield ind1="8" ind2=" " tag="024">
      <subfield code="a">9265701</subfield>
   </datafield>
   <datafield tag="653" ind2=" " ind1=" ">
      <subfield code="a">Ocells</subfield>
   </datafield>
   <datafield tag="653" ind2=" " ind1=" ">
      <subfield code="a">Insectes</subfield>
   </datafield>
   <datafield tag="653" ind2=" " ind1=" ">
      <subfield code="a">Biodiversitat</subfield>
   </datafield>
   <datafield ind2="0" ind1="0" tag="245">
      <subfield code="a">Els ocells: El joc dels ocells</subfield>
   </datafield>
</record></metadata></record></GetRecord></OAI-PMH>